000 00586cam a22001814a 4500
020 _a1588263797 (pbk. : alk. paper)
040 _cDLC
082 0 0 _a320 LYN 2006 A019 Or.
245 0 0 _aEast Africa and the Horn :
_bconfronting challenges to good governance /
260 _aBoulder, Colo. :
_bLynne Rienner Publishers,
_c2006.
300 _a164 p. :
_bmap ;
_c23 cm.
650 0 _aDemocratization
650 0 _aConflict management
650 0 _aGun control
700 1 _aBekoe, Dorina Akosua Oduraa.
856 4 1 _uhttp://www.loc.gov/catdir/toc/ecip0515/2005018303.html
942 _cEK
999 _c12451
_d12451